000 02094cam a22003015a 4500
001 016509047
003 OSt
005 20161011131339.0
008 130926s2013 ua frb 001 0 eng d
020 _a9789774166303 (pbk.)
040 _aStDuBDS
_beng
_cStDuBDS
_dEG-ScBUE
043 _aaw-----
082 0 4 _a303.4840956
_bBAY
_222
100 1 _aBayat, Asef.
_941445
245 1 0 _aLife as politics :
_bhow ordinary people change the Middle East /
_cAsef Bayat.
250 _a2nd ed.
260 _aCairo :
_bThe American University in Cairo Press,
_c2013.
300 _axiv, 374 p. ;
_c24 cm.
500 _aIndex : p. 369-374.
504 _aIncludes bibliographical references.
520 _a"Prior to 2011, popular imagination perceived the Muslim Middle East as unchanging and unchangeable, frozen in its own traditions and history. In Life as Politics, Asef Bayat argues that such presumptions fail to recognize the routine, yet important, ways in which ordinary people make meaningful change through everyday actions. First published just months before the Arab Spring swept across the region, this timely and prophetic book sheds light on the ongoing acts of protest, practice, and direct daily action. The second edition includes three new chapters on the Arab Spring and Iran's Green Movement and is fully updated to reflect recent events. At heart, the book remains a study of agency in times of constraint. In addition to ongoing protests, millions of people across the Middle East are effecting transformation through the discovery and creation of new social spaces within which to make their claims heard. This eye-opening book makes an important contribution to global debates over the meaning of social movements and the dynamics of social change"--Provided by publisher.
650 7 _aSocial movements
_zMiddle East.
_2BUEsh
_941450
650 7 _aSocial change
_zMiddle East.
_2BUEsh
_941449
650 7 _aPolitical participation
_zMiddle East.
_2BUEsh
_932341
651 0 _aMiddle East
_xForeign relations
_y1979-
_2BUEsh
_928834
653 _bBUSBOL
_cOctober2016
942 _2ddc
999 _c22515
_d22487